<?xml version="1.0" encoding="UTF-8"?>
<record
    xmlns:xsi="http://www.w3.org/2001/XMLSchema-instance"
    xsi:schemaLocation="http://www.loc.gov/MARC21/slim http://www.loc.gov/standards/marcxml/schema/MARC21slim.xsd"
    xmlns="http://www.loc.gov/MARC21/slim">

  <leader>03195cam a22004454i 4500</leader>
  <controlfield tag="003">PE-LiUPU</controlfield>
  <controlfield tag="005">20250731165417.0</controlfield>
  <controlfield tag="008">151203s2007    pe     grm    000 0 spa d</controlfield>
  <datafield tag="035" ind1=" " ind2=" ">
    <subfield code="a">(Sirsi) a155414</subfield>
  </datafield>
  <datafield tag="040" ind1=" " ind2=" ">
    <subfield code="a">PE-LiUPU</subfield>
    <subfield code="b">spa</subfield>
    <subfield code="c">PE-LiUPU</subfield>
    <subfield code="e">rda</subfield>
  </datafield>
  <datafield tag="099" ind1=" " ind2=" ">
    <subfield code="a">SP 3</subfield>
    <subfield code="b">V29 2007</subfield>
  </datafield>
  <datafield tag="100" ind1="1" ind2=" ">
    <subfield code="a">Varas Hilario, Zoila Lourdes,</subfield>
    <subfield code="e">autor</subfield>
  </datafield>
  <datafield tag="245" ind1="1" ind2=" ">
    <subfield code="a">Efectividad del programa "Alto al riesgo" en la prevenci&#xF3;n de las ITS - VIH SIDA en el personal de Tropa de la legion peruana de la guardia del Ej&#xE9;rcito del Per&#xFA; /</subfield>
    <subfield code="c">Zoila Lourdes Varas Hilario.</subfield>
  </datafield>
  <datafield tag="264" ind1=" " ind2="0">
    <subfield code="c">2007.</subfield>
  </datafield>
  <datafield tag="300" ind1=" " ind2=" ">
    <subfield code="a">147 hojas </subfield>
    <subfield code="c">31 cm</subfield>
  </datafield>
  <datafield tag="336" ind1=" " ind2=" ">
    <subfield code="a">text</subfield>
    <subfield code="2">rdacontent</subfield>
  </datafield>
  <datafield tag="337" ind1=" " ind2=" ">
    <subfield code="a">unmediated</subfield>
    <subfield code="2">rdamedia</subfield>
  </datafield>
  <datafield tag="338" ind1=" " ind2=" ">
    <subfield code="a">volume</subfield>
    <subfield code="2">rdacarrier</subfield>
  </datafield>
  <datafield tag="502" ind1=" " ind2=" ">
    <subfield code="a">Tesis</subfield>
    <subfield code="b">(Mg.) -- </subfield>
    <subfield code="c">Universidad Peruana Uni&#xF3;n,</subfield>
    <subfield code="d">2007.</subfield>
  </datafield>
  <datafield tag="504" ind1=" " ind2=" ">
    <subfield code="a">Incluye referencias</subfield>
  </datafield>
  <datafield tag="520" ind1="3" ind2=" ">
    <subfield code="a">Los programas de intervenci&#xF3;n para la prevenci&#xF3;n de las ITS y VIH/SIDA han dado resultados significativos en poblaciones militares en distintas partes del mundo. En el Per&#xFA;, a pesar de que existen programas de prevenci&#xF3;n en ITS y VIH/SIDA y la evaluaci&#xF3;n de su efectividad en una poblaci&#xF3;n de tropa del Ejercito del Per&#xFA;. El presente estudio de investigaci&#xF3;n intervenci&#xF3;n tuvo como objetivo evaluar la efectividad del programa "Alto Riesgo" en la prevenci&#xF3;n de las ITS y VIH/SIDA en la poblaci&#xF3;n de tropa de la Legi&#xF3;n de Guardia del Ej&#xE9;rcito del Per&#xFA;. El presente estudio de investigaci&#xF3;n intervenci&#xF3;n tuvo como objetivo evaluar la efectividad del programa "Alto al Riesgo" en la prevenci&#xF3;n de las ITS y VIH/SIDA, en la poblaci&#xF3;n de tropa de la Legi&#xF3;n Peruana de la Guardia, Ej&#xE9;rcito del Per&#xFA;. El estudio fue de tipo pre-experimental, siguiendo el dise&#xF1;o pre prueba y post prueba. La muestra estuvo conformada por 24 participantes. Para evaluar la diferencia en proporciones, se utiliz&#xF3; la prueba Chi cuadrado, tomando como estad&#xED;sticamente significativos valores de p menores a 0.05 (p &lt; 0.05). La intervenci&#xF3;n tuvo una duraci&#xF3;n de 12 semanas. Resultados: a) respecto a los conocimientos, la media de la calificaci&#xF3;n obtenida antes de la intervenci&#xF3;n fue 52.42% y despu&#xE9;s de la intervenci&#xF3;n, 76.29% (p = 0.13); b) en relaci&#xF3;n a las actitudes, la media se increment&#xF3; de 69.46% antes de la intervenci&#xF3;n a 77.25% despu&#xE9;s de la intervenci&#xF3;n (p=0.50); y c) referente a las pr&#xE1;cticas, la media mejor&#xF3; de 69.58%, previo a la intervenci&#xF3;n, a 75.25l% despu&#xE9;s de la intervenci&#xF3;n (p=0.75). El programa "Alto al riesgo" tuvo un impacto positivo frente a la prevenci&#xF3;n  de las ITS y VIH/SIDA, porque se mejoraron los conocimientos, actitudes y pr&#xE1;cticas del personal de tropa de la Legi&#xF3;n Peruana de la Guardia.</subfield>
  </datafield>
  <datafield tag="526" ind1=" " ind2=" ">
    <subfield code="a">SEG44</subfield>
  </datafield>
  <datafield tag="526" ind1=" " ind2=" ">
    <subfield code="a">SEG26</subfield>
  </datafield>
  <datafield tag="526" ind1=" " ind2=" ">
    <subfield code="a">P151</subfield>
  </datafield>
  <datafield tag="526" ind1=" " ind2=" ">
    <subfield code="a">P150</subfield>
  </datafield>
  <datafield tag="526" ind1=" " ind2=" ">
    <subfield code="a">P149</subfield>
  </datafield>
  <datafield tag="526" ind1=" " ind2=" ">
    <subfield code="a">P146</subfield>
  </datafield>
  <datafield tag="526" ind1=" " ind2=" ">
    <subfield code="a">P145</subfield>
  </datafield>
  <datafield tag="526" ind1=" " ind2=" ">
    <subfield code="a">P126</subfield>
  </datafield>
  <datafield tag="526" ind1=" " ind2=" ">
    <subfield code="a">P125</subfield>
  </datafield>
  <datafield tag="526" ind1=" " ind2=" ">
    <subfield code="a">P92</subfield>
  </datafield>
  <datafield tag="526" ind1=" " ind2=" ">
    <subfield code="a">P75</subfield>
  </datafield>
  <datafield tag="526" ind1=" " ind2=" ">
    <subfield code="a">P74</subfield>
  </datafield>
  <datafield tag="526" ind1=" " ind2=" ">
    <subfield code="a">P27</subfield>
  </datafield>
  <datafield tag="526" ind1=" " ind2=" ">
    <subfield code="a">P15</subfield>
  </datafield>
  <datafield tag="650" ind1="0" ind2="4">
    <subfield code="a">Sida</subfield>
    <subfield code="x">Prevenci&#xF3;n.</subfield>
  </datafield>
  <datafield tag="596" ind1=" " ind2=" ">
    <subfield code="a">1</subfield>
  </datafield>
  <datafield tag="942" ind1=" " ind2=" ">
    <subfield code="2">ddc</subfield>
    <subfield code="c">TESIS</subfield>
  </datafield>
  <datafield tag="999" ind1=" " ind2=" ">
    <subfield code="a">SP 3 V29 2007</subfield>
    <subfield code="w">ALPHANUM</subfield>
    <subfield code="c">8095</subfield>
    <subfield code="i">T01026</subfield>
    <subfield code="l">CCODEBUL3</subfield>
    <subfield code="m">BUL</subfield>
    <subfield code="r">1</subfield>
    <subfield code="s">Y</subfield>
    <subfield code="t">TESIS</subfield>
    <subfield code="u">2015-12-3</subfield>
    <subfield code="x">POSGRADO</subfield>
    <subfield code="P">P82</subfield>
    <subfield code="o">.STAFF. Tesis</subfield>
    <subfield code="d">8095</subfield>
  </datafield>
  <datafield tag="980" ind1=" " ind2=" ">
    <subfield code="8">1</subfield>
    <subfield code="g">ALBERTO SANCHEZ Responsable de Automatizaci&#xF3;n</subfield>
  </datafield>
  <datafield tag="952" ind1=" " ind2=" ">
    <subfield code="r">2022-07-06 00:00:00</subfield>
    <subfield code="l">0</subfield>
    <subfield code="o">SP 3 V29 2007</subfield>
    <subfield code="p">T01026</subfield>
    <subfield code="t">e1</subfield>
    <subfield code="w">2015-12-03</subfield>
    <subfield code="x">PG</subfield>
    <subfield code="y">TESIS</subfield>
    <subfield code="z">Este &#xCD;tem NO se presta por ser Ejemplar #1.</subfield>
    <subfield code="1">0</subfield>
    <subfield code="2">ddc</subfield>
    <subfield code="7">1</subfield>
    <subfield code="8">TESIS</subfield>
    <subfield code="f">P82</subfield>
    <subfield code="a">BUL</subfield>
    <subfield code="b">BUL</subfield>
    <subfield code="c">TESIS</subfield>
    <subfield code="d">2015-12-03</subfield>
  </datafield>
</record>
